Normal view
MARC view
Entry Término temático
001 - NÚMERO DE CONTROL
- campo de control: 15014
003 - IDENTIFICADOR DEL NÚMERO DE CONTROL
- campo de control: FranzMayer
005 - FECHA Y HORA DE LA ÚLTIMA TRANSACCIÓN
- campo de control: 20190320205254.0
008 - DATOS DE LONGITUD FIJA
- campo de control de longitud fija: 190320|| aca||aabn | a|a d
040 ## - FUENTE DE LA CATALOGACIÓN
- Centro catalogador/agencia de origen: FranzMayer
- Centro/agencia transcriptor: FranzMayer
150 ## - ENCABEZAMIENTO--TÉRMINO DE MATERIA
- Término de materia o nombre geográfico como elemento de entrada: Jurisdicción (Derecho eclesiástico)
- Subdivisión geográfica: Madrid, España
670 ## - FUENTE DE DATOS ENCONTRADOS
- Cita de la fuente: Work cat.: (FranzMayer): Díaz de los Llanos, Froilán 1709 15013, Proceso criminal fulminado contra el Rmo. P.M. Fray Froylan Díaz de la Sagrada Religión de Predicadores, confesor del Rey N.S.D. Carlos II, que tuvo principio en el año 1698 y se concluyó en el de 1704, 1787